000 00657nam a2200217 i 4500
001 bgj
100 1 _aENGLER, Nick
245 1 0 _aWorkshop tables, cabinets, and jigs /
_cNick Engler.
260 _aEmmaus, Pa :
_bRodale Press,
_cc. 1990.
300 _a123 pp :
_bill. ;
_c29 cm.
490 1 _aBuild-It-Better-Yourself Woodworking Projects
650 9 _aWorkshops
_xEquipment and supplies
650 9 _aWorkshops
_xDesign and construction
830 _aBuild-It-Better-Yourself Woodworking Projects
020 _a0878579397
040 _cBPK
041 0 _aeng
920 _a0-87857-939-7
942 _cKS
008 s uk f |000 0 eng
999 _c47553
_d47553
856 _uhttp://koha.tu.koszalin.pl/cgi-bin/koha/opac-detail.pl?biblionumber=47553
_yKatalog online BPK